Grupos/cantantes que empiezan por la letra S - Estadísticas

Estadísticas generales
  • Esta prueba ha sido intentada 42 veces
  • La puntuación promedio es 5 de 14
Estadísticas de respuestas
Cancion Grupo/Cantante % Correcto
Waka waka shakira
97%
Tacones rojos Sebastian Yatra
73%
Señorita Shawn Mendes
65%
Stay with me Sam Smith
62%
Espresso Sabrina Carpenter
57%
Love you like a love song Selena Gomez
57%
Alors on dance Stromae
35%
The greatest Sia
27%
Chop suey! system of a down
24%
Superstition Stevie Wonder
16%
All the stars SZA
14%
Duality Slipknot
11%
The adults are talking The Strokes
11%
Run to you Sydney Houston
0%
No se encontraron pruebas coincidentes
Distribución de puntuación
Porcentaje de gente con cada puntuación
Porcentaje por número respondido
Historial de tus puntuaciones
No has intentado esta prueba.